"Dzikie" flagi świata - Statystyki

Ogólne statystyki
  • Ten quiz został rozwiązany 419 razy
    418 od ostatniego zresetowania
  • Średni wynik to 5 z 17
Statystyki odpowiedzi
Obrazkowy Hint Odpowiedź % Poprawnych
Kraj ten leży w 4 państwach Kurdystan
67%
Znane imperium Imperium Rzymskie
65%
Jest to flaga wyspy na morzu, które "dotyka" 3 kontynentów Korsyka
60%
Państwo to leżało na terenach: Chin, Mongolii i Tajwanu Qing
42%
Fake flaga Half life
37%
Kolory są ważne Budapeszt
36%
Organizacja z Marvela; Fake S.H.I.E.L.D.
24%
Stara flaga afrykańskiego państwa Imperium Mali
22%
Flaga królestwa z skandynawii, znane jest z wikingów Królestwo Norwegii
22%
Flaga stolicy kraju azjatyckiego Bejrut
21%
1917 Komunizm
20%
Kraj wyspiarski, zjednoczyciel półwyspu Królestwo Sardynii
19%
Kupiecka republika włoska Genoa
15%
Fake i nie fake San Escobar
15%
To państwo powstanie w 2027; oddzieli się od Papua Nowa Gwinea Bougainville
11%
Flaga państwa pod okupacją, przez sojusz, po wojnie Okupowane Niemcy przez Aliantów
9%
Jest to "sojusz" obywateli z krajów wrogim chinom Milk Tea Alliance
6%
Nie znaleziono quizów pasujących do podanych kryteriów
Rozkład punktacji
Procent ludzi z każdym wynikiem
Percentyl według liczby udzielonych odpowiedzi
Twoja historia wyników
Nie rozwiązałeś tego quizu od ostatniego zresetowania